Most famous nazi's by picture - Statistics

General Stats
  • This quiz has been taken 241 times
  • The average score is 9 of 16
Answer Stats
Picture Hint Answer % Correct
The leader Adolf Hitler
100%
Minister of the Interior, leader of the SS, and Gestapo Heinrich Himmler
89%
Chief propagandist Joseph Goebbels
88%
Leader of the Luftwaffe Hermann Göring
83%
Field marshall, a.k.a. The Desert Fox Erwin Rommel
74%
officer of the Schutzstaffel (SS), found in Argentina by the Mossad in 1960 Adolf Eichmann
64%
Deputy Führer until his flight to the UK in 1941 Rudolf Hess
61%
SS officer and physician in Auschwitz, a.k.a. The Angel of Death Josef Mengele
60%
Architect and Minister of Armaments and War Production Albert Speer
57%
SS-Obergruppenführer, founder of the SD Reinhard Heydrich
52%
SS-Obergruppenführer and Minister of Foreign Affairs Joachim von Ribbentrop
44%
Brought Hitler to power Franz von Papen
35%
Dog of the first Blondi
33%
Field marshall and chief of the Oberkommando der Wehrmacht Wilhelm Keitel
31%
Wehrmacht Officer and coup plotter Claus von Stauffenberg
23%
Chief of the Operations Staff (OKW) Alfred Jodl
22%
No matching quizzes found
Score Distribution
Percent of People with Each Score
Percentile by Number Answered
Your Score History
You have not taken this quiz